000 00734nab a2200217u 4500
001 21278
003 HDC
007 c| |||a|c|aaaa
008 210305b20120421my ||||o |||| 00| 0 eng d
040 _aHDC
245 0 _aPakistan: Chief Minister says Halal meat export can fetch billions
336 _atext
_2rdacontent
337 _acomputer
_2rdamedia
338 _aonline resource
_2rdacarrier
650 _aHalal meat
_91025
650 _aPunjab Agriculture and Meat Company (PAMCO)
_918872
856 _zRequest full-text at [email protected]
942 _2lcc
942 _cNEWS
942 _kNWS0 004925
999 _c18594
_d18594